[Event "89th GER-ch"]
[Site "Dresden"]
[Date "2018.08.05"]
[Round "3"]
[White "Reuker, Jari"]
[Black "Syrov, Arkadi"]
[Result "1-0"]
[WhiteElo "2404"]
[BlackElo "2295"]
[Annotator "TA"]
[PlyCount "53"]
[EventDate "2018.08.03"]
[EventType "swiss"]
[EventCountry "GER"]
[SourceTitle "playchess.com"]
[Source "ChessBase"]
[SourceQuality "1"]

{[%evp 17,52,37,39,43,48,54,38,39,40,45,50,53,83,84,286,237,239,183,178,113,234,137,320,277,287,296,2043,2014,29994,29995,29995,29996,29997,29998,29998,29999,29999]} 1. d4 Nf6 2. c4 g6 3. Nc3 Bg7 4. e4 d6 5. h3 O-O 6. Be3 c5 7. Nf3 Qa5 {E90: Königsindisch (Klassisches System)} 8. Bd3 Nfd7 9. O-O Nc6 {[%cal Rc5d4] LiveBook: 3 Partien. Weiß steht etwas besser.} 10. Be2 cxd4 11. Nxd4 Nxd4 12. Bxd4 Bxd4 13. Qxd4 Qc5 14. Qd2 {[#]} Ne5 $146 ({Vorgänger:} 14... Nf6 15. Rfe1 {½-½ (105) Rodshtein,M (2695)-Pichot,A (2565) Douglas 2017}) 15. Nd5 Re8 $2 (15... Nc6 $16) 16. b4 $1 $18 {[%cal Rb4c5]} Qc6 {[#]} 17. f4 $1 {[%cal Rf4e5]} Nd7 {[#]} 18. Qd4 $36 {[%mdl 2048] Weiss hat starke Initiative.} (18. f5 $1 $18) 18... b6 (18... Nb6 $16) 19. f5 (19. e5 $18 {Droht Lf3 und aus.} Bb7 20. Bf3) 19... e6 $2 (19... f6 $16 20. Rac1 Bb7) 20. fxe6 fxe6 21. Qf2 {Weiss droht Df7+ und Matt.} Kh8 $2 (21... Bb7 22. Qf7+ Kh8) 22. Qh4 {Droht Matt per Tf7.} g5 23. Qh6 {Weiß setzt Matt.} Kg8 {[#]} 24. Rf7 $1 {[%mdl 512]} Kxf7 25. Qxh7+ Kf8 26. Rf1+ Nf6 27. Rxf6# {Precision: Weiß = 82%, Schwarz = 18%.} 1-0

[Event "89th GER-ch"]
[Site "Dresden"]
[Date "2018.08.05"]
[Round "3"]
[White "Zude, Arno"]
[Black "Gungl, Theo"]
[Result "0-1"]
[WhiteElo "2373"]
[BlackElo "2283"]
[Annotator "TA"]
[PlyCount "188"]
[EventDate "2018.08.03"]
[EventType "swiss"]
[EventCountry "GER"]
[SourceTitle "playchess.com"]
[Source "ChessBase"]
[SourceQuality "1"]

{[%evp 25,188,72,68,44,59,0,0,0,0,0,0,0,19,0,0,-135,-131,-300,-297,-277,-297,-287,-195,-201,-185,-194,-212,-207,-194,-268,-205,-432,-273,-261,-255,-262,-234,-219,-202,-207,-192,-201,-195,-204,-194,-175,-169,-186,-158,-147,-128,-169,-120,-120,-120,-120,-120,-120,-120,-132,-127,-168,-168,-168,-168,-168,-168,-170,-170,-173,-173,-180,-176,-198,-198,-204,-132,-132,-132,-132,-132,-132,-132,-132,-91,-97,-47,-50,0,-38,0,0,0,0,39,28,28,34,22,0,40,40,40,0,760,714,854,736,658,155,236,227,187,174,281,34,654,628,409,-363,-352,-322,-322,-390,-387,-575,-518,-518,-370,-358,-354,-383,-389,-395,-368,-359,-269,-315,-314,-497,-510,-566,-539,-796,-759,-785,-779,-762,-762,-922,-899,-5027,-5159,-982,-832,-1695,-1067,-2601,-853,-7845,-7114,-6070,-5399,-6187,-5535]} 1. e4 c5 2. Nf3 d6 3. d4 cxd4 4. Nxd4 Nf6 5. Nc3 a6 6. f3 e6 7. Be3 b5 8. Qd2 Bb7 9. g4 Nfd7 10. O-O-O Nb6 11. Nb3 N8d7 {B80: Sicilian Scheveningen: 6 g3 and 6 Be3, including English Attack} 12. Na5 Rb8 13. Bf4 Nc8 {[#] LiveBook: 6 Games. White is better.} 14. Ne2 $146 ({Predecessor:} 14. Nxb7 Rxb7 15. h4 Be7 16. g5 Qa5 17. Kb1 Ne5 18. Qf2 Nb6 19. Bc1 {1-0 (51) Giuliani,S (2617)-Casabona,C (2577) ICCF email 2004}) 14... Ba8 15. Nd4 (15. h4 $14) 15... Qc7 $1 $11 16. Bg3 Be7 17. Kb1 Ne5 18. h4 O-O 19. g5 Nb6 {[%cal Bc8b6,Bb6a4,Ba4c5,Bc5b3][%mdl 32]} 20. Bh3 (20. Ka1 $11) 20... Na4 $1 $17 21. Be1 $2 (21. Ka1 $17) 21... b4 $19 22. Ndb3 Nxf3 23. Qe2 Ne5 24. Rd4 Nc5 $1 25. Bg2 Nxb3 $1 26. Nxb3 a5 27. Qa6 (27. Rd1 {might work better.}) 27... Rb6 28. Qxa5 $2 (28. Qe2 {is a better defense.}) 28... Nc6 29. Rc4 Qb7 30. Rxc6 ({Don't go for} 30. Qa4 $2 Ra6 $19) 30... Qxc6 31. Bf2 Rb5 32. Qa7 Rb7 33. Na5 Rxa7 34. Nxc6 Rc7 ({Not} 34... Bxc6 35. Bxa7 f5 36. gxf6 $15) 35. Nxe7+ Rxe7 36. Rd1 Rd7 37. Bc5 Rb8 38. Rd2 d5 ({Weaker is} 38... dxc5 39. Rxd7 Rc8 40. Ra7 $11) 39. e5 Rc8 40. Bd4 Bc6 41. b3 Bb5 42. Kb2 Rdc7 43. Rf2 Rc6 44. Bf3 Ra6 45. Bh5 g6 46. Bd1 Rca8 47. Rf4 Rxa2+ 48. Kb1 R2a6 49. h5 Rc6 50. Bb2 Rac8 51. h6 Ba6 52. Rxb4 Bf1 53. Rd4 Bh3 54. Rd2 Bf5 {White must now prevent ...Rb8.} 55. Bd4 Be4 56. Kb2 $1 Ra8 57. Be2 Rb8 58. c3 Rc7 59. b4 {[%cal Bb3b4,Bb4b5,Bb5b6][%mdl 32]} Rcb7 60. Kb3 {[%mdl 1024] White has compensation.} Ra8 61. b5 Kf8 $1 62. Kb4 Ra1 (62... Ra6 $5) 63. Kc5 {b6 is the strong threat.} Ke7 64. Kc6 (64. b6 $5 {[%cal Rc5c6]} Rb8 65. Rb2 Ra5+ 66. Kb4 $11) 64... Rd7 $2 {[%mdl 8192]} (64... Rb8 $11) 65. b6 $18 Kd8 {[#]} 66. Rb2 $1 Ra8 67. Kc5 $2 (67. b7 $18 {and the rest is easy.} Rb8 68. Ba6) 67... Rc8+ (67... Kc8 $16 {was necessary.}) 68. Kb5 Ra8 {[#]} 69. Kb4 $1 Rb7 (69... Ra1 $142) 70. Bf1 $2 (70. Bb5 $18 {Strongly threatening Bc6.} Rbb8 71. Rf2) 70... Bf3 $2 {[%mdl 8192]} (70... Rbb8 $14) 71. Bb5 Rab8 72. Kc5 $4 {[%mdl 8192]} (72. Rf2 $18) 72... Rxb6 $19 {Hoping for ...Be2!} 73. Rb4 Kc7 74. Be3 Be4 75. Bd4 {[#]} (75. Bf4 $142) 75... Bd3 $1 {[%cal Rb6b5][%mdl 512]} 76. Ba4 (76. Bxd3 Rc6#) 76... Bc4 77. Be3 Rxb4 78. cxb4 {[%mdl 4096] Endgame KRB-KB} Ra8 79. Bc6 Ra3 80. Bd4 Rg3 81. Be8 Rxg5 82. Bxf7 (82. b5 $142 Rf5 83. b6+ Kb7 84. Bc6+ Kb8 85. Kd6) 82... Kd7 {Black is clearly winning.} 83. b5 Rh5 84. b6 {aiming for Bxe6+!} Ba6 85. Be3 Rxe5 86. Bd4 Rh5 87. Bg7 Ke7 88. Bg8 Rh4 {[%csl Ga6,Gd5][%cal Rh4c4]} 89. b7 Bxb7 90. Kb6 Bc8 91. Kc7 Ba6 92. Bxh7 Kf7 93. Kd6 Bd3 94. Ke5 Bf5 {Precision: White = 46%, Black = 71%.} 0-1

[Event "89th GER-ch"]
[Site "Dresden"]
[Date "2018.08.05"]
[Round "3"]
[White "Armbrust, Florian"]
[Black "Colpe, Malte"]
[Result "1-0"]
[WhiteElo "2300"]
[BlackElo "2384"]
[Annotator "TA"]
[PlyCount "103"]
[EventDate "2018.08.03"]
[EventType "swiss"]
[EventCountry "GER"]
[SourceTitle "playchess.com"]
[Source "ChessBase"]
[SourceQuality "1"]

{[%evp 19,103,20,25,22,29,24,24,25,42,32,48,31,22,9,13,17,33,27,33,47,56,17,77,72,156,158,145,72,141,150,174,167,185,173,146,62,72,0,56,68,56,79,86,79,97,104,111,77,157,157,175,157,204,212,202,189,333,308,359,350,357,370,359,351,576,572,537,511,1025,1031,905,859,1458,1231,1208,1177,1317,1064,1599,1385,5624,5081,29984,29985,29985,29986]} 1. Nf3 d5 2. d4 e6 3. c4 a6 4. cxd5 exd5 5. Nc3 c6 6. Bf4 {D31: Queen's Gambit Declined: Semi-Slav without ...Nf6 (+ Marshall Gambit and Noteboom) and Exchange Variation lines without ...Nf6} Bd6 7. Bxd6 Qxd6 8. e3 Nf6 9. Qc2 Nbd7 10. Bd3 O-O {LiveBook: 6 Games} 11. O-O Re8 12. Rac1 $146 ({Predecessor:} 12. h3 Nf8 13. Rab1 Ng6 14. b4 Qe7 15. a4 Ne4 16. b5 axb5 17. axb5 Ng5 18. Nxg5 Qxg5 19. bxc6 bxc6 20. f4 Qf6 21. f5 Nf8 22. Qf2 Ba6 23. Bxa6 Rxa6 {½-½ (40) Bukavshin,I (2502)-Grachev,B (2669) Taganrog 2011}) 12... g6 13. Rfe1 Nf8 14. Na4 Ne4 15. Nb6 Rb8 16. Nxc8 Rbxc8 17. Bxe4 Rxe4 18. Ne5 $36 {[%mdl 2048] White has good play.} f6 19. f3 Rh4 20. Ng4 Nd7 (20... Rh5 $11 {remains equal.}) 21. e4 dxe4 (21... Rh5 $142) 22. Rxe4 $16 f5 {[#]} 23. Qc4+ (23. Qb3+ $142 $1 Kg7 24. Re6) 23... Kh8 ({Black should play} 23... Kf8 24. Re6 Nb6 25. Rxd6 Nxc4 26. Rxc4 fxg4) 24. Re6 Qf8 {[#]} 25. g3 $1 {[%cal Rg3h4]} Rh5 (25... fxg4 26. gxh4 Qf5 27. Re7) 26. Ne5 Nxe5 27. Rxe5 (27. dxe5 $16 Qh6 28. Rc2) 27... f4 $1 $14 28. Qe6 (28. g4 $16 Rxe5 29. dxe5) 28... fxg3 ({Black should try} 28... Rxe5 $1 $11 29. Qxe5+ Kg8) 29. Rxh5 gxh5 $11 {[%mdl 4096] Endgame KQR-KQR} 30. Qe5+ ({Weaker is} 30. hxg3 Re8 $17) 30... Qg7 31. hxg3 Rf8 32. Kf2 Kg8 33. Rh1 Qg6 (33... Qg4 $142 34. f4 Rf5 35. Qe8+ Kg7) 34. Rxh5 $16 {Threatens to win with Rg5.} h6 35. Rh4 Kh7 36. Qe4 Rf7 37. Ke3 Qxe4+ (37... Rg7 $142 38. g4 Qxe4+ 39. fxe4 Kg6) 38. fxe4 $18 {KR-KR} ({Less strong is} 38. Kxe4 Rg7 $16) 38... Rf1 39. Rf4 Rg1 40. Rf7+ Kg6 41. Rxb7 Rxg3+ $2 (41... Kf6 42. e5+ Ke6) 42. Kf4 Rg2 43. Rb6 Rf2+ (43... Kg7 $142 44. Rxc6 a5) 44. Ke5 h5 45. Rxc6+ Kg5 46. Rxa6 h4 47. Ra8 h3 48. Rh8 h2 49. d5 Rxb2 50. d6 Rxa2 51. d7 Rd2 52. d8=Q+ {Precision: White = 70%, Black = 26%.} 1-0

[Event "89th GER-ch"]
[Site "Dresden"]
[Date "2018.08.05"]
[Round "3"]
[White "Gaede, Derek"]
[Black "Rehberg, Raphael"]
[Result "1-0"]
[WhiteElo "2298"]
[BlackElo "2234"]
[Annotator "TA"]
[PlyCount "81"]
[EventDate "2018.08.03"]
[EventType "swiss"]
[EventCountry "GER"]
[SourceTitle "playchess.com"]
[Source "ChessBase"]
[SourceQuality "1"]

{[%evp 19,81,0,0,0,0,0,0,0,20,2,6,9,4,0,25,0,25,11,11,0,22,0,17,9,37,47,60,61,62,50,65,0,61,67,44,0,12,4,4,4,0,0,0,0,24,13,18,17,26,22,22,27,77,5,151,145,154,152,277,276,460,425,457,434]} 1. d4 Nf6 2. Nf3 d5 3. Bf4 c5 4. e3 Nc6 5. Nbd2 (5. c3 e6 6. Nbd2 cxd4 7. exd4 Nh5 8. Bg5 f6 9. Be3 Bd6 10. Bb5 O-O 11. O-O Ne7 12. Re1 Bd7 13. Bd3 g6 14. Bh6 Rf7 {½-½ (83) Caruana,F (2822)-Aronian,L (2767) chess.com INT 2018}) 5... cxd4 6. exd4 {D02: Damenbauernspiele} Bf5 7. c3 e6 8. Qb3 Qc8 9. h3 h6 10. Be2 Be7 {LiveBook: 12 Partien} 11. O-O O-O 12. Rfe1 Bd8 13. Ne5 $146 ({Vorgänger:} 13. a4 Bc7 {½-½ (13) Grachev,B (2666)-Motylev,A (2648) St Petersburg 2015}) 13... Nxe5 (13... Bc7 {keeps more tension.} 14. Ndf3 Re8 15. Rac1 Be4 16. Nd2 Bf5) 14. Bxe5 Nd7 15. Bd6 Re8 $1 16. c4 Ba5 17. Red1 Nf6 18. Be5 Nd7 19. Bg3 Nf6 20. Be5 Nd7 21. Bh2 Bc7 (21... Bxd2 {is more complex.} 22. Rxd2 dxc4 23. Bxc4 Nb6 24. Bb5 Rd8) 22. Bxc7 Qxc7 23. cxd5 exd5 24. Qxd5 {Schwarz muss nun Lf3 beachten.} Bxh3 25. Rac1 (25. Bf3 $14 Be6 26. Qxb7) 25... Qf4 ({Günstiger ist} 25... Nf6 $11 26. Qb3 (26. Rxc7 Nxd5 27. Rxb7 Rxe2 $15) 26... Qe7) 26. Qf3 Qg5 $1 27. Ne4 ({Ein No Go ist} 27. Qxb7 Rab8 $11) 27... Qxg2+ 28. Qxg2 Bxg2 29. Kxg2 {[#] Droht Lf3 und aus.} Rxe4 30. Bf3 $36 {[%mdl 2048] Weiss hat Druck.} Re6 31. Rc7 Rg6+ 32. Kf1 Rd6 33. Rxb7 Rb8 34. Rxb8+ Nxb8 $11 {[%mdl 4096] Endspiel KTL-KTS} 35. Rc1 {[#] Und Tc8+ würde nun gewinnen.} Kh7 36. Rc8 (36. Rc7 $16) 36... Rb6 (36... Nd7 $11) 37. Be4+ $16 g6 38. Rc7 Rxb2 (38... Kg7 $16) 39. Rxf7+ $18 Kh8 $2 (39... Kg8 40. Rxa7 (40. Bxg6 Rb6 $16) 40... Rb4) 40. Rxa7 Rb4 41. Rb7 {Precision: Weiß = 58%, Schwarz = 34%.} 1-0

[Event "89th GER-ch"]
[Site "Dresden"]
[Date "2018.08.05"]
[Round "3"]
[White "Fischer, Sebastian"]
[Black "Proschmann, Tino"]
[Result "1-0"]
[WhiteElo "2292"]
[BlackElo "2092"]
[Annotator "TA"]
[PlyCount "81"]
[EventDate "2018.08.03"]
[EventType "swiss"]
[EventCountry "GER"]
[SourceTitle "playchess.com"]
[Source "ChessBase"]
[SourceQuality "1"]

{[%evp 17,81,5,6,8,0,2,7,0,0,0,0,0,0,0,37,5,22,16,64,0,197,193,198,202,442,432,521,113,106,108,106,2,1735,753,1789,552,538,427,749,717,743,743,727,714,801,637,884,874,986,982,29980,29981,29981,29982,29985,29986,29988,29984,29983,29977,29979,29971,29990,29991,29991,5592]} 1. d4 d5 2. Bf4 c5 3. e3 Nc6 4. c3 Qb6 5. Qb3 c4 (5... Nf6 6. Nd2 c4 7. Qc2 Nh5 8. Bg5 h6 9. Bh4 g5 10. Be2 Ng7 11. Bg3 Bf5 12. Qc1 e6 {1-0 (41) Carlsen,M (2832)-So,W (2812) Leuven 2017}) 6. Qc2 {D00: 1 d4 d5: Unusual lines} e5 7. dxe5 Bf5 8. Qc1 g5 9. Bg3 h5 {[%cal Bh7h5,Bh5g4][%mdl 32] [#] LiveBook: 3 Games. White must now prevent ...h4.} 10. h3 Bg7 11. Nf3 g4 12. hxg4 hxg4 13. Rxh8 Bxh8 14. Nd4 $146 Nge7 15. Na3 {[%cal Bb1a3,Ba3c4,Bc4d6][%mdl 32]} O-O-O 16. Bh4 $36 {[%mdl 2048] White is pushing.} Re8 17. Bxe7 Nxe7 18. Bxc4 ({White should try} 18. Nxf5 $14 Nxf5 19. Qd2) 18... dxc4 $2 {[#]} (18... Bxe5 $11 19. Bxd5 (19. Nxf5 Nxf5 20. Bd3 Nh4 $11) 19... Rh8) 19. Nxc4 $18 Qg6 20. Nd6+ Kb8 $2 (20... Kd7) 21. Nxe8 ({Don't play} 21. N4xf5 Rd8 $18) 21... Bxe5 22. Qd2 $2 (22. Nxf5 $18 Qxf5 23. Qd2) 22... Bd7 $16 23. Nb3 Qc6 24. Nc5 ({White should play} 24. O-O-O $16 Bxe8 25. Qd8+ Nc8 26. Qg5) 24... Qa4 $2 {[%mdl 8192]} (24... Bxe8 $11 25. O-O-O g3 26. fxg3 Qxc5 27. Qd8+ Nc8 28. Qxe8 Qxe3+ 29. Kc2 Qxg3) 25. Nd6 Be6 26. Ncxb7 Qc6 27. e4 f5 (27... Nc8 $142 28. Rd1 g3) 28. Nd8 $18 Qd7 29. Nxe6 Qxe6 30. O-O-O Qxa2 31. Nxf5 Nc6 32. Qd5 Qa1+ 33. Kc2 Nb4+ 34. cxb4 {White mates.} Qxb2+ 35. Kd3 Bf4 36. Qb5+ Ka8 37. Qe8+ Kb7 38. Qf7+ Ka6 39. Qg6+ Kb5 40. Nd4+ Kxb4 41. Nc2+ {Precision: White = 36%, Black = 32%.} (41. Qc6 $142 Qa3+ 42. Ke2 Qa2+ 43. Kd3 Qa3+ 44. Ke2 Qa2+ 45. Ke1 Bd2+ 46. Rxd2) 1-0

[Event "89th GER-ch"]
[Site "Dresden"]
[Date "2018.08.05"]
[Round "3"]
[White "Brustkern, Juergen"]
[Black "Heinert, Eugen"]
[Result "0-1"]
[WhiteElo "2219"]
[BlackElo "2146"]
[Annotator "TA"]
[PlyCount "76"]
[EventDate "2018.08.03"]
[EventType "swiss"]
[EventCountry "GER"]
[SourceTitle "playchess.com"]
[Source "ChessBase"]
[SourceQuality "1"]

{[%evp 19,76,19,16,-14,-4,-21,-21,-12,-14,-37,-7,-14,-4,-33,-10,-11,0,-47,-58,-104,-32,-100,-66,-63,-44,-65,-56,-50,-49,-112,-116,-139,-155,-148,-135,-187,-173,-170,-187,-176,-147,-241,-220,-227,-236,-235,-218,-270,-270,-621,-608,-592,-305,-1799,-1795,-29989,-1564,-1531,-1492]} 1. Nf3 d5 2. c4 e6 3. d4 Nf6 4. Nc3 dxc4 5. e4 Bb4 6. Bxc4 {D24: Queen's Gambit Accepted: 3 Nf3 Nf6 4 Nc3} (6. Bg5 h6 7. Bxf6 Qxf6 8. Bxc4 c5 9. O-O cxd4 10. e5 Qd8 11. Ne4 O-O 12. Qe2 Be7 13. Rad1 Qc7 14. Bd3 Nd7 15. Rc1 Qa5 16. g4 Nxe5 17. Nxe5 Qxe5 {0-1 (37) Aronian,L (2794)-Caruana,F (2784) Berlin 2018}) 6... Nxe4 7. O-O Nxc3 8. bxc3 Be7 9. Ne5 O-O 10. Qg4 Nc6 {[%cal Bb8c6,Bc6e7,Be7g6][%mdl 32] LiveBook: 102 Games} 11. Bh6 {[%csl Gh6][%cal Rg4g7]} Bf6 12. Rad1 Ne7 13. Rfe1 $1 c5 {[#]} 14. Bc1 $146 Qc7 15. Bd3 Ng6 16. Qh5 cxd4 17. cxd4 Rd8 18. Be3 Bd7 19. Be4 Ba4 (19... Bxe5 $17 20. dxe5 Bc6) 20. Rb1 ({Better is} 20. Rc1 $15 Qa5 21. Bxb7) 20... Rab8 {[%cal Rf6e5]} 21. Rec1 Qe7 22. g3 b6 23. Rc4 Bxe5 24. dxe5 {[#]} (24. Rxa4 $15 Bf6 25. Rc4) 24... Qd7 $1 $17 25. Qg5 Rbc8 26. Rd4 Qe8 27. Rbb4 (27. Bxg6 $17 hxg6 28. Rxd8 Rxd8 29. Rc1) 27... Rxd4 28. Rxd4 h6 29. Qh5 Bc2 30. Bxc2 (30. Bb7 $17 Rc7 31. Bg2) 30... Rxc2 $19 31. Qd1 Qc6 32. Rd6 Qc4 33. Rd8+ Kh7 34. Rd7 $2 (34. Qd4) 34... Nxe5 35. Rxa7 Ng4 36. Qd4 $2 {[#]} (36. Bd2) 36... Rc1+ $1 {[%mdl 512]} 37. Kg2 (37. Bxc1 Qxd4) 37... Qf1+ (37... Nxe3+ $142 38. Qxe3 Qf1+ 39. Kf3 Qh1+ 40. Kg4 f5+ 41. Kh3 Rg1 42. Rxg7+ Kxg7 43. Qe5+ Kf7 44. Qc7+ Kg6 45. Qh7+ Kxh7 46. f4 Qg2+ 47. Kh4 Qxh2#) 38. Kf3 Nxh2+ {Precision: White = 22%, Black = 71%.} 0-1

[Event "89th GER-ch"]
[Site "Dresden"]
[Date "2018.08.05"]
[Round "3"]
[White "Plassmann, Dominik"]
[Black "Svane, Frederik"]
[Result "1/2-1/2"]
[WhiteElo "2186"]
[BlackElo "2292"]
[Annotator "TA"]
[PlyCount "74"]
[EventDate "2018.08.03"]
[EventType "swiss"]
[EventCountry "GER"]
[SourceTitle "playchess.com"]
[Source "ChessBase"]
[SourceQuality "1"]

{[%evp 19,74,-21,0,0,0,0,11,-61,-61,-67,-67,-81,-57,-100,-90,-99,-111,-219,-197,-199,-189,-198,-213,-231,-196,-235,-213,-254,365,349,353,359,343,341,352,344,449,416,414,294,306,297,488,496,530,528,526,520,512,489,562,0,489,0,497,0,431]} 1. e4 c5 2. d4 cxd4 3. c3 dxc3 4. Nxc3 Nc6 5. Nf3 e6 6. Bc4 a6 7. O-O b5 8. Bb3 Nge7 {B21: Sicilian: 2 f4 and Morra Gambit} 9. Bg5 f6 10. Be3 Na5 {LiveBook: 6 Games} 11. Nd4 (11. Bc2 Ng6 12. h4 Be7 13. h5 Ne5 14. Nxe5 fxe5 15. Qf3 Nc4 16. Bc1 Bb7 17. a4 {0-1 (45) Cuartas,J (2492)-Bachmann,A (2653) Medellin 2017}) 11... Nxb3 12. Qxb3 Nc6 13. Rad1 $146 (13. Nxc6 $1 $11 dxc6 14. a4) ({Predecessor:} 13. Rfd1 Na5 14. Qc2 Qc7 15. Qe2 Be7 16. Rac1 Qb8 17. Nf5 exf5 {½-½ (32) Gulamali,K (2271)-Drozdowski,K (2458) Las Vegas 2014}) 13... Nxd4 $15 14. Bxd4 Bb7 15. f4 Qc7 16. Rc1 Rc8 17. Ne2 Qb8 18. f5 (18. Rxc8+ $17 {was worth a try.} Qxc8 19. Qe3) 18... e5 $19 19. Be3 Bxe4 {...Rxc1 is the strong threat.} 20. Ng3 Bc6 21. Qd1 Qb7 22. Qh5+ Kd8 23. Rfd1 Kc7 $4 {[%mdl 8192] [#]} (23... d5 $19 {Threatens to win with ...Rc7.} 24. Ne2 Bd6) 24. Rxc6+ $1 $18 {[%mdl 512]} Qxc6 25. Rc1 Qxc1+ 26. Bxc1 Bc5+ 27. Kf1 Rhd8 28. Qf7 Kb8 {If only Black now had time for ...d5....} 29. Qd5 Bd4 30. Bd2 Rc2 $2 (30... Bb6 {is a better defense.} 31. Ne4 Rc4) 31. Ba5 Rdc8 32. Qd6+ Kb7 33. Qxd7+ Kb8 34. Qd6+ Ka7 35. Qd7+ Kb8 $1 36. Qd6+ Ka7 $1 {( -> ...Rf2+)} 37. Qd7+ Kb8 $1 {[%mdl 32768] Precision: White = 38%, Black = 70%. . An unexpected result.} 1/2-1/2

[Event "89th GER-ch"]
[Site "Dresden"]
[Date "2018.08.05"]
[Round "3"]
[White "Adiyaman, Rene"]
[Black "Heimrath, Reiner"]
[Result "1/2-1/2"]
[WhiteElo "2097"]
[BlackElo "2200"]
[Annotator "TA"]
[PlyCount "96"]
[EventDate "2018.08.03"]
[EventType "swiss"]
[EventCountry "GER"]
[SourceTitle "playchess.com"]
[Source "ChessBase"]
[SourceQuality "1"]

{[%evp 17,96,17,65,-21,-7,-14,0,-18,-22,-25,12,-8,0,-32,-17,-54,-64,-64,-60,-71,-65,-87,-73,-73,-52,-60,-37,-21,-20,-26,-33,-35,-40,-25,0,-31,-31,-54,-59,-64,-30,-41,-24,-35,-34,-59,-32,-35,0,-25,-28,-37,-17,-26,-27,-27,15,-9,29,28,31,0,76,7,11,19,20,0,16,15,16,22,24,0,0,0,39,0,0,0,32]} 1. e4 d6 2. d4 Nf6 3. Nc3 e5 4. Nf3 exd4 5. Nxd4 Be7 6. Be2 O-O 7. O-O Re8 8. f4 Bf8 9. Bf3 Nbd7 {LiveBook: 25 Games} 10. Nde2 {C41: Philidor Defence} (10. Re1 $14) (10. Re1 Nc5 11. Nb3 Nxb3 12. axb3 c6 13. Be3 d5 14. Bf2 dxe4 15. Qxd8 Rxd8 16. Nxe4 Bf5 17. Nxf6+ gxf6 {1-0 (51) Sipila,V (2423)-Ehlvest,J (2623) Viljandi 2013}) 10... c6 $11 11. Kh1 a5 $146 ({Predecessor:} 11... Nc5 12. Ng3 a5 13. b3 g6 14. Bb2 Bg7 15. Rb1 Qb6 16. f5 Qc7 17. a3 Ncd7 {½-½ (46) Znosko Borovsky,E-Koltanowski,G Paris 1929}) 12. g4 {g5 is the strong threat.} Nc5 13. Ng3 d5 {[%cal Rd5e4]} (13... h6 {is more complex.} 14. a4 b6 15. Be3 Ba6 16. Re1 Bb7) 14. exd5 cxd5 15. Nxd5 Nxg4 16. Ne3 Qxd1 17. Nxd1 Ra6 18. Kg2 Rd6 19. h3 Nf6 20. Nc3 Bd7 21. f5 Bc6 22. Bf4 Bxf3+ 23. Kxf3 Rb6 24. b3 Rc6 {Hoping for ...Nxb3!} 25. Nb5 Nd5 26. Bd2 Nb4 27. Nd4 {Black must now prevent Bxb4.} Rd6 28. Be3 Nd5 29. Bf2 Nc3 30. Rfe1 Rc8 31. Nge2 N3e4 32. Be3 Be7 33. Nb5 Rd5 34. Ned4 Bh4 35. Re2 Bf6 36. c4 Rdd8 37. Rg1 Nd6 38. Na7 {Threatens to win with Ndc6.} Ra8 39. Nab5 Nd3 {[#]} (39... Rac8 $11 {keeps the balance.}) 40. Nxd6 ({Better is} 40. Nc7 $1 $16 {[%cal Rc7a8]} Ne5+ 41. Kg2) 40... Rxd6 41. Nb5 Ne5+ 42. Kf4 Rd7 43. Rd2 Nd3+ 44. Kf3 Re8 45. Ke2 Nf4+ 46. Kf3 Nd3 47. Ke2 {[#]} (47. Rgd1 $5 {[%cal Rd2d3]} Ne5+ 48. Ke2 $14) 47... Nc1+ $1 {[%mdl 512]} 48. Kf3 (48. Rxc1 Rxe3+) 48... Nd3 {Precision: White = 35%, Black = 50%.} 1/2-1/2

[Event "89th GER-ch"]
[Site "Dresden"]
[Date "2018.08.05"]
[Round "3.1"]
[White "Gschnitzer, Adrian"]
[Black "Kvetny, Mark"]
[Result "1/2-1/2"]
[WhiteElo "2333"]
[BlackElo "2421"]
[Annotator "TA"]
[PlyCount "81"]
[EventDate "2018.08.03"]
[EventType "swiss"]
[EventCountry "GER"]
[SourceTitle "playchess.com"]
[Source "ChessBase"]
[SourceQuality "1"]

{[%evp 23,81,20,13,-44,-46,-75,0,-30,11,10,12,12,13,7,6,0,0,0,16,16,19,20,27,27,47,38,39,12,11,12,14,12,22,27,25,15,21,8,8,8,8,8,60,8,35,8,8,8,8,0,8,-20,-20,-20,-20,-20,-20,-20,-20,-50]} 1. e4 e5 2. Nf3 Nf6 3. Nc3 Nc6 4. d4 exd4 5. Nxd4 Bb4 6. Nxc6 bxc6 7. Bd3 O-O 8. O-O Re8 9. Bg5 {[%cal Bc1g5,Bg5h4,Bh4g3][%mdl 32]} h6 10. Bh4 g5 11. Bg3 Bxc3 12. bxc3 Nxe4 {LiveBook: 17 Partien. C47: Schottisches Vierspringerspiel} 13. Bxe4 (13. Qh5 $11) (13. Qh5 d6 14. f4 Bf5 15. Bxe4 Bxe4 16. fxg5 Qxg5 17. Qxf7+ Kh8 18. Qxc7 Bxg2 19. Kxg2 Re2+ 20. Rf2 Rxf2+ 21. Kxf2 Rf8+ 22. Kg2 Qd5+ 23. Kg1 Qc5+ 24. Kg2 Qd5+ {½-½ (24) Stevic,H (2587)-Saric,I (2677) Pozega 2018}) 13... Rxe4 $15 14. Qh5 {[#]} d6 (14... Qf6 $1 $17 15. f3 Ra4) 15. f4 Bf5 16. fxg5 Bg6 17. Qxh6 Qf8 18. Qh3 $146 ({Vorgänger:} 18. Qxf8+ Kxf8 19. Rab1 Ke7 20. Rb4 Re2 21. Re1 Rxe1+ 22. Bxe1 Re8 23. Kf2 Bxc2 24. Bd2 Kd7 25. Rf4 Bg6 26. g4 Re4 {½-½ (26) Beerdsen,T (2428)-Lampert,J (2514) Germany 2017}) 18... Qc8 19. Rae1 Qxh3 20. gxh3 Rae8 21. Rxe4 Rxe4 $11 {[%mdl 4096] Endspiel KTL-KTL} 22. Rb1 Re2 23. Rb7 Rxc2 24. Rxc7 Bf5 25. Kf1 Bxh3+ 26. Ke1 Rxc3 27. Bxd6 Rd3 28. Bc5 Rc3 29. Bd4 Rc4 30. Bf6 Ra4 31. Re7 {[#] Droht stark Te8+.} Kf8 32. Re3 Bf5 (32... Be6 $11) 33. Rf3 ({Günstiger ist} 33. Rb3 $14 Ke8 34. Rb8+ Kd7 35. Rb7+ Kd6 36. Rxf7) 33... Bg4 34. Rd3 {[%cal Rd3d8]} (34. Rb3 {is more complex.} Kg8 35. Rb7 Kh7 36. Rxf7+ Kg6 37. Rg7+) 34... Kg8 {Die Stellung ist ausgeglichen.} 35. h4 {Td8+ ist eine echte Drohung.} Kh7 36. Rd6 Kg6 37. Bc3+ Be6 38. Rxc6 Rxh4 39. Ra6 Rh1+ 40. Kf2 Rh2+ 41. Kg1 {Precision: Weiß = 34%, Schwarz = 50%.} 1/2-1/2